LEADER 01906nam 2200493 450 001 000007185 005 20091027153102.0 010 $a2-8040-1286-7$bv. 5. 100 $a20000413d1998----km-y0itay0103----ba 101 0 $afre 102 $aBE 200 1 $aCorrespondance de Michel de Ghelderode$fédition établie, présentée et annotée par Roland Beyen 210 $aBruxelles$cLabor$d[1998] 215 $av.$d22 cm 225 1 $aArchives du futur 327 0 $aTomo 5.: 1942-1945. - 699 p.$aTomo 8.: 1954-1957. - 719 p. 559 1 $a1942-1945 559 1 $a1954-1957 600 1$aGhelderode,$bMichel : de$xLettere e carteggi$z1942-1945 676 $a846.912$v(20 ed.)$9Lettere francesi. 1900-1945 700 1$aGhelderode,$bMichel : de$0193164 702 1$aBeyen,$bRoland 801 1$aIT$bUDN$gRICA 912 $a000007185 996 $aCorrespondance de Michel de Ghelderode$976184 997 $aUNIBAS BAS $aMONLET BAS $aLETTERE CAT $aBASBIB$b05$c20010131$lBAS01$h1304 CAT $aTROMBONE$b20$c20010131$lBAS01$h1341 CAT $aTROMBONE$b20$c20010131$lBAS01$h1349 CAT $c20050601$lBAS01$h1754 CAT $abatch$b01$c20050718$lBAS01$h1049 CAT $c20050718$lBAS01$h1108 CAT $c20050718$lBAS01$h1138 CAT $c20050718$lBAS01$h1152 CAT $aBATCH$b00$c20070503$lBAS01$h1735 CAT $aATR$b40$c20091019$lBAS01$h1256 CAT $aATR$b20$c20091019$lBAS01$h1257 CAT $aATR$b20$c20091019$lBAS01$h1257 CAT $aTTM$b30$c20091027$lBAS01$h1531 FMT Z30 -1$lBAS01$LBAS01$mBOOK$1BASA1$APolo Storico-Umanistico$2FBG$BFondo Belga$3FBel/109116$6109116$5L109116$820091027$b5$e719$f04$FPrestabile Didattica$hTomo 8. Z30 -1$lBAS01$LBAS01$mBOOK$1BASA1$APolo Storico-Umanistico$2GEN$BCollezione generale$3FBel/90408$690408$5L90408$820010131$b5$e699$f02$FPrestabile Generale$hvolume quinto LEADER 01132nam0 2200301 450 001 000025966 005 20090604102504.0 010 $a3-518-06600-5 100 $a20090604d1974----km-y0itaa50------ba 101 0 $ager 102 $aDE 200 1 $a<> Kunst des Müßiggangs$eKurze Prosa aus dem Nachlaß$fHermann Hesse$gherausgegeben un mit einem Nachwort von Volker Michels 205 $a2. aufl. 210 $aFrankfurt am Main$cSuhrkamp$d1974 215 $a371 p.$d18 cm 225 2 $aSuhrkamp taschenbuch$v100 410 0$12001$aSuhrkamp taschenbuch$v100 676 $a838.91208$v(21. ed.)$9Scritti miscellanei tedeschi. 1945-1990. Letteratura in prosa 700 1$aHesse,$bHermann$0131876 702 1$aMichels,$bVolker 801 0$aIT$bUniversità della Basilicata - B.I.A.$gRICA$2unimarc 912 $a000025966 996 $aKunst des Müßiggangs$91528505 997 $aUNIBAS BAS $aLETTERE CAT $aEXT10$b01$c20090604$lBAS01$h1025 FMT Z30 -1$lBAS01$LBAS01$mBOOK$1BASA1$APolo Storico-Umanistico$2FMAS$BFondo Masini$3FMas/817/2729$6817/2729$5B817/2729$820090604$f04$FPrestabile Didattica LEADER 01208nam 2200337 450 001 9910693564903321 005 20221104172921.0 035 $a(CKB)3450000000002406 035 $a(NjHacI)993450000000002406 035 $a(EXLCZ)993450000000002406 100 $a20221104d1999 uy 0 101 0 $aeng 135 $aur||||||||||| 181 $ctxt$2rdacontent 182 $cc$2rdamedia 183 $acr$2rdacarrier 200 10$aRelative Effectiveness and Cost-Effectiveness of Methods of Androgen Suppression in the Treatment of Advanced Prostate Cancer /$fNaomi Aronson [and eleven others] 210 1$aRockville, Maryland :$cAgency for Healthcare Research and Quality (US),$d[1999] 210 4$d©1999 215 $a1 online resource $cillustrations 320 $aIncludes bibliographical references. 606 $aProstate$xCancer 615 0$aProstate$xCancer. 676 $a616.99463 700 $aAronson$b Naomi$01351277 801 0$bNjHacI 801 1$bNjHacl 906 $aBOOK 912 $a9910693564903321 996 $aRelative Effectiveness and Cost-Effectiveness of Methods of Androgen Suppression in the Treatment of Advanced Prostate Cancer$93092729 997 $aUNINA